Loading...
| Geography/Current Events | 0 | 5 | 0 | 1 | 50 | 60 | 83.00 | 1 | 3 | 28.31 | 53.76 |
| Fine Arts - Other | 0 | 2 | 0 | 1 | 20 | 116 | 133.50 | 0 | 0 | 0.57 | 4.21 |
| Science - Other | 0 | 2 | 0 | 0 | 20 | 77 | 82.50 | 0 | 1 | 5.78 | 9.26 |
| History - European | 0 | 2 | 0 | 1 | 20 | 92 | 112.00 | 0 | 0 | 2.45 | 2.95 |
| History - World | 0 | 1 | 0 | 1 | 10 | 135 | 135.00 | 0 | 0 | 0.00 | 1.14 |
| Mythology | 0 | 1 | 0 | 0 | 10 | 42 | 42.00 | 1 | 1 | 6.30 | 9.09 |
| Science - Biology | 0 | 1 | 0 | 1 | 10 | 125 | 125.00 | 0 | 0 | 0.07 | 1.82 |
| Social Science | 0 | 1 | 1 | 0 | 5 | 50 | 50.00 | 0 | 1 | 5.17 | 8.18 |
| History - Other | 0 | 0 | 1 | 0 | -5 | 0.00 | 0 | 0 | 0.00 | 0.00 | |
| History - American | 0 | 1 | 5 | 1 | -15 | 119 | 119.00 | 0 | 0 | -0.08 | 0.91 |